|
|
|
|
| LEADER |
00000nas a2200000 a 4500 |
| 001 |
ssj0012568 |
| 003 |
WaSeSS |
| 005 |
20200512172242.0 |
| 006 |
m d |
| 007 |
cr n |
| 008 |
790530d19uu2007mnuqr p s 0 a0eng c |
| 010 |
|
|
|a 81645629
|z sc 79004291
|z sn 79003974
|
| 022 |
|
|
|l 0164-1220
|y 0164-1220
|
| 035 |
|
|
|a (WaSeSS)ssj0012568
|
| 037 |
|
|
|b Minnesota Futurists, 365 Summit Ave, St Paul, MN 55102
|
| 040 |
|
|
|a MUL
|b eng
|c MUL
|d NSD
|d DLC
|d OCL
|d DLC
|d NST
|d DLC
|d NST
|d AIP
|d NSD
|d IUL
|d EBZ
|d NSD
|d SYS
|d OCLCQ
|d HUL
|d DLC
|d OCLCQ
|d OCLCF
|d OCLCO
|d OCLCQ
|d WaSeSS
|
| 042 |
|
|
|a pcc
|a nsdp
|
| 050 |
0 |
0 |
|a CB161
|b .F793
|
| 082 |
0 |
4 |
|a 303.4
|
| 210 |
0 |
|
|a Futurics
|
| 222 |
|
0 |
|a Futurics
|
| 245 |
0 |
0 |
|a Futurics
|h [electronic resource].
|
| 260 |
|
|
|a New York :
|b Pergamon Press
|
| 310 |
|
|
|a Quarterly
|
| 362 |
1 |
|
|a Ceased with: vol. 31, no. 3 & 4 (2007).
|
| 500 |
|
|
|a Official journal of the Minnesota Futurists, a chapter of the World Future Society.
|
| 500 |
|
|
|a Published: St. Paul, Minn. : Minnesota Futurists, <1986>-2007.
|
| 506 |
|
|
|a License restrictions may limit access.
|
| 588 |
|
|
|a Description based on: Vol. 3, no. 1 (winter 1979); title from cover.
|
| 650 |
|
0 |
|a Forecasting
|v Periodicals.
|
| 650 |
|
7 |
|a Forecasting.
|2 fast
|0 (OCoLC)fst00931721
|
| 655 |
|
0 |
|a Electronic journals.
|
| 710 |
2 |
|
|a Minnesota Futurists.
|
| 850 |
|
|
|a CLSU
|a CSt
|a CU-S
|a CtY
|a DGW
|a DLC
|a IaU
|a InU
|a MH-BA
|a MiEM
|a MnSSC
|a NN
|a PU-W
|a ViBlbV
|a WaU
|
| 853 |
0 |
3 |
|8 1
|a v.
|b no.
|i (year)
|j (season)
|
| 856 |
4 |
0 |
|z Full text available from Research Library: 07/01/1998 to 07/31/2007
|u https://search.proquest.com/publication/31167
|
| 863 |
4 |
1 |
|8 1
|a <1>
|i <1976/1977>
|x provisional
|